00462nam a2200145Ia 4500008004100000100002100041245007600062245004200138260005900180260000900239300000900248650001800257650001500275856002600290170221s9999 xx 000 0 und d aDr. Brad Schultz aName Brand: The Rise of the Independent Reporter Through Social Media  cDr. Brad Schultz Dr. Mary Lou Sheffer bOnline Journal of Communication and Media Technologies c2015 a14 : xCommunication xMedia Arts uhttp://www.ojcmt.net/